| 000 | 01050cam a2200217 4500 | ||
|---|---|---|---|
| 001 | WB3934-18 | ||
| 008 | 030910n2003 000 0 eng u | ||
| 035 | _a(Sirsi) u123544 | ||
| 245 | _aInspector tells council to drop green belt sites | ||
| 260 | _c2003 | ||
| 490 |
_aRegeneration and Renewal _v 5 September 2003, 4(1) |
||
| 520 | _aThe inspector for the planning inquiry into Birmingham City Council's unitary development plan has told the council to drop two key development sites from its 10-year planning blueprint as there is not a strong enough case for building on the green belt. This may have implications for inward investment in Birmingham and areas outside. The inspector's report is available at: http://www.birmingham.gov.uk/udpreport.bcc | ||
| 590 | _aWB | ||
| 650 | _aBIRMINGHAM CITY COUNCIL | ||
| 650 | _aGREEN BELT | ||
| 650 | _aPLANNING POLICY | ||
| 650 | _aTOWN AND COUNTRY PLANNING ASSOCIATION | ||
| 650 | _aINWARD INVESTMENT | ||
| 690 | _aENVIRONMENTAL AND LAND CONSULTANCY-PLANNING AND DEVELOPMENT | ||
| 942 | _n0 | ||
| 999 |
_c73379 _d73379 |
||